000 00406nam a2200169Ia 4500
001 29258
003 IN-NITTTR
005 20251114233400.0
008 251113s9999||||xx |||||||||||||| ||eng||
040 _beng
040 _cIN-NITTTR
041 _aeng
082 _a620.143 E25
245 0 _aElectric refractory materials /
_cKumashiro, Yukinobu, ed.
700 _aKumashiro, Yukinobu
942 _2ddc
_cBK
999 _c31886
_d31886